[Event "HUN-chT2 Barcza 1314"]
[Site "Hungary"]
[Date "2014.03.23"]
[Round "9"]
[White "Kover, Attila"]
[Black "Papp, Laszlo3333"]
[Result "1/2-1/2"]
[WhiteElo "1847"]
[BlackElo "1779"]
[PlyCount "32"]
[EventDate "2013.09.08"]
[EventType "team-tourn"]
[EventRounds "11"]
[EventCountry "HUN"]
[SourceTitle "EXT 2016"]
[Source "ChessBase"]
[SourceDate "2015.10.08"]
[SourceVersion "1"]
[SourceVersionDate "2015.10.08"]
[SourceQuality "1"]
[WhiteTeam "Debrecen EAC"]
[BlackTeam "Nyiregyhaza SISE"]
[WhiteTeamCountry "HUN"]
[BlackTeamCountry "HUN"]

1. Nf3 d5 2. d4 Nf6 3. Bf4 Bf5 4. e3 e6 5. c4 c6 6. Nc3 h6 7. Bd3 Bxd3 8. Qxd3 dxc4 9. Qxc4 Nbd7 10. 0-0 Be7 11. e4 0-0 12. e5 Nd5 13. Nxd5 cxd5 14. Qd3 Rc8 15. Rac1 Nb6 16. b3 Qd7 1/2-1/2

[Event "HUN-chT2 Barcza 1213"]
[Site "Hungary"]
[Date "2012.10.07"]
[Round "2.7"]
[White "Elek, Monika"]
[Black "Kover, Attila"]
[Result "1-0"]
[WhiteElo "1893"]
[BlackElo "1848"]
[PlyCount "53"]
[EventDate "2012.09.16"]
[EventType "team-tourn"]
[EventRounds "11"]
[EventCountry "HUN"]
[SourceTitle "EXT 2014"]
[Source "ChessBase"]
[SourceDate "2013.11.20"]
[SourceVersion "1"]
[SourceVersionDate "2013.11.20"]
[SourceQuality "1"]
[WhiteTeam "Kazincbarcika"]
[BlackTeam "DEAC"]
[WhiteTeamCountry "HUN"]
[BlackTeamCountry "HUN"]

1. d4 f5 2. c4 Nf6 3. e3 e6 4. Nf3 b6 5. Bd3 Bb7 6. 0-0 Ne4 7. Nc3 Nxc3 8. bxc3 Qf6 9. a4 Nc6 10. Rb1 g5 11. d5 Na5 12. e4 g4 13. Nd4 fxe4 14. Bxe4 Nxc4 15. Qxg4 Ne5 16. Qh5+ Nf7 17. dxe6 Bxe4 18. exf7+ Qxf7 19. Qe5+ Kd8 20. Qxe4 d5 21. Bg5+ Kc8 22. Qd3 Rg8 23. Qa6+ Kd7 24. Qb5+ Kc8 25. Qc6 Rb8 26. Rfe1 Bd6 27. Nb5 1-0

[Event "HUN-chT2 Barcza 1112 "]
[Site "Hungary"]
[Date "2012.05.20"]
[Round "11"]
[White "Kover, Attila"]
[Black "Galko, Tibor"]
[Result "0-1"]
[WhiteElo "1824"]
[BlackElo "1865"]
[PlyCount "70"]
[EventDate "2011.09.25"]
[EventType "team-tourn"]
[EventRounds "11"]
[EventCountry "HUN"]
[SourceTitle "EXT 2013"]
[Source "ChessBase"]
[SourceDate "2012.11.22"]
[SourceVersion "1"]
[SourceVersionDate "2012.11.22"]
[SourceQuality "1"]
[WhiteTeam "DEAC"]
[BlackTeam "Edeleny"]
[WhiteTeamCountry "HUN"]
[BlackTeamCountry "HUN"]

1. b3 Nf6 2. Bb2 g6 3. e4 d6 4. Bxf6 exf6 5. Nc3 Bg7 6. d4 f5 7. Qd3 0-0 8. 0-0-0 fxe4 9. Qxe4 Re8 10. Qd3 Qf6 11. Nf3 Bf5 12. Qb5 Bd7 13. Qxb7 Bc6 14. Qxc7 Bxf3 15. gxf3 a5 16. Qb7 Nc6 17. Qxc6 Rac8 18. Qa4 Qxf3 19. Bd3 Qxf2 20. Nb5 Re3 21. Rd2 Re1+ 22. Rxe1 Qxe1+ 23. Kb2 Qxd2 24. Nxd6 Qc3+ 25. Kb1 Bxd4 26. Qxd4 Qxd4 27. Nxc8 Qb4 28. Na7 a4 29. Nc6 Qc3 30. Ne7+ Kf8 31. Nd5 Qc5 32. c4 a3 33. Kc2 Qf2+ 34. Kc3 Qxa2 35. c5 Qb2+ 0-1

[Event "HUN-chT2 Barcza 1112 "]
[Site "Hungary"]
[Date "2012.04.22"]
[Round "9"]
[White "Kover, Attila"]
[Black "Berki, Jozsef"]
[Result "1/2-1/2"]
[WhiteElo "1824"]
[BlackElo "2037"]
[PlyCount "43"]
[EventDate "2011.09.25"]
[EventType "team-tourn"]
[EventRounds "11"]
[EventCountry "HUN"]
[SourceTitle "EXT 2013"]
[Source "ChessBase"]
[SourceDate "2012.11.22"]
[SourceVersion "1"]
[SourceVersionDate "2012.11.22"]
[SourceQuality "1"]
[WhiteTeam "DEAC"]
[BlackTeam "Tiszavasvar"]
[WhiteTeamCountry "HUN"]
[BlackTeamCountry "HUN"]

1. b3 d5 2. Bb2 Bg4 3. h3 Bh5 4. g4 Bg6 5. f4 e6 6. Nf3 Be4 7. e3 h5 8. g5 c5 9. Bb5+ Nc6 10. Bxc6+ bxc6 11. Nc3 Bxf3 12. Qxf3 f5 13. Na4 Kf7 14. h4 Bd6 15. Kf2 Qa5 16. Qe2 Rd8 17. Bc3 Qc7 18. Qa6 Re8 19. Be5 Bxe5 20. fxe5 Qxe5 21. Qxa7+ Ne7 22. Qxc5 1/2-1/2

[Event "HUN-chT2 Barcza 1112 "]
[Site "Hungary"]
[Date "2012.03.11"]
[Round "7"]
[White "Kover, Attila"]
[Black "Banszky, Miklos"]
[Result "1/2-1/2"]
[WhiteElo "1824"]
[BlackElo "1972"]
[PlyCount "56"]
[EventDate "2011.09.25"]
[EventType "team-tourn"]
[EventRounds "11"]
[EventCountry "HUN"]
[SourceTitle "EXT 2013"]
[Source "ChessBase"]
[SourceDate "2012.11.22"]
[SourceVersion "1"]
[SourceVersionDate "2012.11.22"]
[SourceQuality "1"]
[WhiteTeam "DEAC"]
[BlackTeam "Sajoszentpeter"]
[WhiteTeamCountry "HUN"]
[BlackTeamCountry "HUN"]

1. b3 Nf6 2. Bb2 d6 3. f4 e6 4. Nf3 Bd7 5. e3 Nc6 6. Bd3 Qe7 7. e4 e5 8. f5 g6 9. fxg6 hxg6 10. h3 Bh6 11. Nc3 Nd4 12. 0-0 Ne6 13. Bc4 0-0-0 14. Bxe6 Qxe6 15. Qe2 c6 16. Qf2 Bf4 17. Qxa7 g5 18. Ne2 Nxe4 19. Nxf4 gxf4 20. Qa8+ Kc7 21. Qa5+ Kb8 22. Nxe5 Rhg8 23. Nxd7+ Rxd7 24. Qh5 Ng3 25. Qh7 Rg6 26. Rfe1 Qd5 27. Qh8+ Kc7 28. Qd4 Qh5 1/2-1/2

[Event "HUN-chT2 Barcza 1112 "]
[Site "Hungary"]
[Date "2012.02.19"]
[Round "6"]
[White "Saller, Imre"]
[Black "Kover, Attila"]
[Result "1/2-1/2"]
[WhiteElo "1871"]
[BlackElo "1824"]
[PlyCount "34"]
[EventDate "2011.09.25"]
[EventType "team-tourn"]
[EventRounds "11"]
[EventCountry "HUN"]
[SourceTitle "EXT 2013"]
[Source "ChessBase"]
[SourceDate "2012.11.22"]
[SourceVersion "1"]
[SourceVersionDate "2012.11.22"]
[SourceQuality "1"]
[WhiteTeam "Debrecen Betu"]
[BlackTeam "DEAC"]
[WhiteTeamCountry "HUN"]
[BlackTeamCountry "HUN"]

1. d4 f5 2. c4 Nf6 3. Nc3 e6 4. g3 Bb4 5. Bd2 Bxc3 6. Bxc3 d5 7. Bg2 c6 8. cxd5 exd5 9. Nf3 Ne4 10. Qd3 0-0 11. 0-0 Nd7 12. Nd2 Ndf6 13. Bb4 Re8 14. f3 Ng5 15. h4 Ne6 16. Bc3 g6 17. e4 f4 1/2-1/2

[Event "HUN-chT2 Barcza 1112 "]
[Site "Hungary"]
[Date "2011.11.13"]
[Round "3"]
[White "Kantor, Jozsef"]
[Black "Kover, Attila"]
[Result "0-1"]
[WhiteElo "1974"]
[BlackElo "1824"]
[PlyCount "90"]
[EventDate "2011.09.25"]
[EventType "team-tourn"]
[EventRounds "11"]
[EventCountry "HUN"]
[SourceTitle "EXT 2013"]
[Source "ChessBase"]
[SourceDate "2012.11.22"]
[SourceVersion "1"]
[SourceVersionDate "2012.11.22"]
[SourceQuality "1"]
[WhiteTeam "Mezokovesd"]
[BlackTeam "DEAC"]
[WhiteTeamCountry "HUN"]
[BlackTeamCountry "HUN"]

1. d4 Nf6 2. c4 e6 3. Nc3 Bb4 4. a3 Bxc3+ 5. bxc3 h6 6. Nf3 b6 7. e3 Bb7 8. Be2 0-0 9. 0-0 c5 10. Bb2 Qc7 11. Re1 Rd8 12. Bf1 d5 13. cxd5 Bxd5 14. c4 Be4 15. Nd2 Bg6 16. f3 cxd4 17. exd4 Nh5 18. Nb3 b5 19. Rc1 bxc4 20. Rxc4 Qe7 21. Qd2 Nd7 22. Na5 Rdc8 23. Rec1 Rxc4 24. Nxc4 Nhf6 25. Ne5 Nxe5 26. dxe5 Nd5 27. Ba6 Qd8 28. Rc6 Kh7 29. Bd4 Qd7 30. Qc1 Rb8 31. Kf2 Rb1 32. Qc5 Qd8 33. g3 Qg5 34. Qa5 Qf5 35. Kg2 Bh5 36. Be2 Nf4+ 37. gxf4 Qg6+ 38. Kh3 Qf5+ 39. Kg3 Qg6+ 40. Kh4 Qg2 41. Bd3+ g6 42. Rc2 Qxf3 43. Be2 Qxf4+ 44. Kh3 Bxe2 45. Rxe2 Qf3+ 0-1

[Event "HUN-chT2 Barcza 1011"]
[Site "Hungary"]
[Date "2010.11.07"]
[Round "5.10"]
[White "Kover, Attila"]
[Black "Pota, Lajos"]
[Result "1-0"]
[WhiteElo "1765"]
[BlackElo "1845"]
[PlyCount "100"]
[EventDate "2010.09.12"]
[EventType "team-tourn"]
[EventRounds "11"]
[EventCountry "HUN"]
[SourceTitle "EXT 2012"]
[Source "ChessBase"]
[SourceDate "2011.11.24"]
[SourceVersion "1"]
[SourceVersionDate "2011.11.24"]
[SourceQuality "1"]
[WhiteTeam "DEAC"]
[BlackTeam "Mezokovesd"]
[WhiteTeamCountry "HUN"]
[BlackTeamCountry "HUN"]

1. g3 d5 2. Nf3 c5 3. Bg2 Nc6 4. d4 cxd4 5. Nxd4 e5 6. Nxc6 bxc6 7. e4 d4 8. 0-0 Nf6 9. Bg5 Ba6 10. Re1 Qb6 11. b3 Bb4 12. Bd2 0-0 13. a3 Bd6 14. g4 c5 15. g5 Nd7 16. f4 exf4 17. e5 Bxe5 18. Bxa8 Rxa8 19. Qg4 Qc7 20. a4 Bb7 21. Na3 d3 22. c3 Qc6 23. Kf2 f5 24. Qh3 g6 25. Nc4 Bd6 26. Na5 Qb6 27. Nxb7 c4+ 28. Kf1 Qxb7 29. Qg2 f3 30. Qf2 cxb3 31. Rab1 Qd5 32. Qd4 Nb6 33. Qxd5+ Nxd5 34. Rxb3 Bxh2 35. Kf2 Nf4 36. Kxf3 Ne2 37. Rh1 Be5 38. Rb7 Nxc3 39. Bxc3 Bxc3 40. Rbxh7 d2 41. R7h6 Re8 42. Rxg6+ Kf8 43. Rc6 Bb4 44. Rc4 a5 45. Kf4 Re4+ 46. Rxe4 fxe4 47. Kxe4 Kg8 48. Kf5 Kf8 49. g6 Ke8 50. Ke6 Kf8 1-0

[Event "HUN-chT2 Barcza 0910"]
[Site "Hungary"]
[Date "2010.04.18"]
[Round "10.10"]
[White "Kover, Attila"]
[Black "Neuberger, Attila"]
[Result "0-1"]
[WhiteElo "1766"]
[BlackElo "2018"]
[PlyCount "76"]
[EventDate "2009.11.08"]
[EventType "team-tourn"]
[EventRounds "11"]
[EventCountry "HUN"]
[SourceTitle "EXT 2011"]
[Source "ChessBase"]
[SourceDate "2010.11.26"]
[SourceVersion "1"]
[SourceVersionDate "2010.11.26"]
[SourceQuality "1"]
[WhiteTeam "DEAC"]
[BlackTeam "Kazincbarcika"]
[WhiteTeamCountry "HUN"]
[BlackTeamCountry "HUN"]

1. b3 d5 2. Bb2 c5 3. e3 Nc6 4. c4 d4 5. exd4 cxd4 6. g3 e5 7. a3 a5 8. Bg2 Nf6 9. d3 Bd6 10. Nd2 0-0 11. Ne4 Nxe4 12. Bxe4 Be6 13. Nf3 f5 14. Bxc6 bxc6 15. 0-0 Qf6 16. h3 c5 17. Bc1 h6 18. Re1 Bf7 19. Nh2 Bg6 20. Ra2 e4 21. g4 Bxh2+ 22. Kxh2 exd3 23. f4 Rae8 24. Rxe8 Rxe8 25. Rg2 fxg4 26. Qxg4 Bf5 27. Qh5 Rb8 28. Bd2 Rxb3 29. Bxa5 d2 30. Qe8+ Kh7 31. Bxd2 Rxh3+ 32. Kg1 Rxa3 33. Qb5 Ra1+ 34. Kf2 Qh4+ 35. Kf3 Ra3+ 36. Ke2 Bd3+ 37. Kd1 Qh1+ 38. Be1 Qxg2 0-1

[Event "HUN-chT2 Barcza 0910"]
[Site "Hungary"]
[Date "2010.04.11"]
[Round "9.10"]
[White "Farkas, Lajos"]
[Black "Kover, Attila"]
[Result "1-0"]
[WhiteElo "1951"]
[BlackElo "1766"]
[PlyCount "49"]
[EventDate "2009.11.08"]
[EventType "team-tourn"]
[EventRounds "11"]
[EventCountry "HUN"]
[SourceTitle "EXT 2011"]
[Source "ChessBase"]
[SourceDate "2010.11.26"]
[SourceVersion "1"]
[SourceVersionDate "2010.11.26"]
[SourceQuality "1"]
[WhiteTeam "Debrecen Betu"]
[BlackTeam "DEAC"]
[WhiteTeamCountry "HUN"]
[BlackTeamCountry "HUN"]

1. e4 g6 2. d4 d6 3. Nf3 Bg4 4. Be3 Bg7 5. c3 Nf6 6. Nbd2 0-0 7. h3 Bxf3 8. Qxf3 c6 9. Be2 Nbd7 10. g4 e5 11. Qg2 exd4 12. Bxd4 c5 13. Be3 a6 14. h4 b5 15. h5 b4 16. c4 Re8 17. 0-0-0 Qa5 18. Kb1 Kf8 19. hxg6 hxg6 20. g5 Ng8 21. f4 Bxb2 22. Nb3 Qa3 23. Rxd6 Bc3 24. Bg4 Rxe4 25. Bc1 1-0

[Event "HUN-chT2 Barcza 0910"]
[Site "Hungary"]
[Date "2010.01.31"]
[Round "5.10"]
[White "Kover, Attila"]
[Black "Kiripolszky, Tamas"]
[Result "1/2-1/2"]
[WhiteElo "1766"]
[BlackElo "1946"]
[PlyCount "104"]
[EventDate "2009.11.08"]
[EventType "team-tourn"]
[EventRounds "11"]
[EventCountry "HUN"]
[SourceTitle "EXT 2011"]
[Source "ChessBase"]
[SourceDate "2010.11.26"]
[SourceVersion "1"]
[SourceVersionDate "2010.11.26"]
[SourceQuality "1"]
[WhiteTeam "DEAC"]
[BlackTeam "HSSE"]
[WhiteTeamCountry "HUN"]
[BlackTeamCountry "HUN"]

1. f4 d5 2. Nf3 Nc6 3. e3 Nf6 4. b3 Bg4 5. Bb2 e6 6. h3 Bxf3 7. Qxf3 Ne4 8. Rg1 Nb4 9. Bd3 Qh4+ 10. g3 Qxh3 11. Bxe4 dxe4 12. Qxe4 0-0-0 13. Na3 Qh2 14. Rg2 Qh1+ 15. Ke2 Qh5+ 16. g4 Qd5 17. Qxd5 exd5 18. c3 Nc6 19. Nc2 Bd6 20. a4 Rhe8 21. Rf1 Na5 22. b4 Nc4 23. Bc1 c5 24. bxc5 Bxc5 25. d4 Bd6 26. Kd3 Nb6 27. a5 Nc4 28. a6 bxa6 29. Nb4 Bxb4 30. cxb4 Rd6 31. Rh1 h6 32. g5 hxg5 33. Rxg5 g6 34. Rh7 Re7 35. f5 gxf5 36. Rxf5 Rdd7 37. e4 Nd6 38. Rxd5 Nxe4 39. Rh8+ Kc7 40. Bf4+ Nd6 41. Rc5+ Kb7 42. d5 Re8 43. Rh6 Nb5 44. Rf6 Re6 45. Rxf7 Rxf7 46. dxe6 Rxf4 47. Rxb5+ axb5 48. e7 Rxb4 49. e8Q a5 50. Qd7+ Kb6 51. Qd8+ Ka6 52. Qe7 Rc4 1/2-1/2